Cities in recession (Record no. 112531)
[ view plain ]
| 000 -LEADER | |
|---|---|
| fixed length control field | 01037cad a22002655a 4500 |
| 001 - CONTROL NUMBER | |
| control field | E153466 |
| 008 - FIXED-LENGTH DATA ELEMENTS--GENERAL INFORMATION | |
| fixed length control field | 110801s2010 xxk f 000 0 eng d |
| 020 1# - INTERNATIONAL STANDARD BOOK NUMBER | |
| International Standard Book Number | 9781842196113 |
| 035 ## - SYSTEM CONTROL NUMBER | |
| System control number | (Sirsi) u153466 |
| 041 0# - LANGUAGE CODE | |
| Language code of text/sound track or separate title | eng |
| 100 1# - MAIN ENTRY--PERSONAL NAME | |
| Personal name | Dixon, Tim |
| 245 00 - TITLE STATEMENT | |
| Title | Cities in recession |
| Remainder of title | urban regeneration in Manchester and Osaka and the case of "hardcore" brownfield sites |
| Medium | [electronic resource] |
| 260 ## - PUBLICATION, DISTRIBUTION, ETC. | |
| Place of publication, distribution, etc. | London |
| Name of publisher, distributor, etc. | RICS |
| Date of publication, distribution, etc. | 2010 |
| 490 #0 - SERIES STATEMENT | |
| Series statement | RICS Findings in Built and Rural Environments |
| 520 ## - SUMMARY, ETC. | |
| Summary, etc. | Describes the property and planning system in Japan and looks at how Manchester and Osaka can learn from each other's experiences of successful urban regeneration. |
| 521 ## - TARGET AUDIENCE NOTE | |
| Target audience note | Advanced |
| 590 ## - LOCAL NOTE (RLIN) | |
| Local note | KA |
| 651 #4 - SUBJECT ADDED ENTRY--GEOGRAPHIC NAME | |
| Geographic name | United Kingdom |
| Chronological subdivision | |
| 651 #4 - SUBJECT ADDED ENTRY--GEOGRAPHIC NAME | |
| Geographic name | Japan |
| 690 ## - LOCAL SUBJECT ADDED ENTRY--TOPICAL TERM (OCLC, RLIN) | |
| Topical term or geographic name as entry element | PROPERTY-PROPERTY MANAGEMENT-REGENERATION |
| 700 1# - ADDED ENTRY--PERSONAL NAME | |
| Personal name | Abe, Hirokazu |
| 700 1# - ADDED ENTRY--PERSONAL NAME | |
| Personal name | Otsuka, Norika |
| 856 40 - ELECTRONIC LOCATION AND ACCESS | |
| Uniform Resource Identifier | <a href="https://www.rics.org/Global/Downloads/FiBRE_-_Urban_regeneration_in_Manchester_and_Osaka.pdf">https://www.rics.org/Global/Downloads/FiBRE_-_Urban_regeneration_in_Manchester_and_Osaka.pdf</a> |
| Public note | Broken link - not available |
| 942 ## - ADDED ENTRY ELEMENTS (KOHA) | |
| Suppress in OPAC | 0 |
| Withdrawn status | Lost status | Source of classification or shelving scheme | Damaged status | Not for loan | Home library | Current library | Shelving location | Date acquired | Total Checkouts | Full call number | Barcode | Date last seen | Copy number | Price effective from | Koha item type |
|---|---|---|---|---|---|---|---|---|---|---|---|---|---|---|---|
| Dewey Decimal Classification | Virtual | Virtual | Online | 01/08/2011 | ONLINE PUBLICATION | 153466-1001 | 06/08/2019 | 1 | 06/08/2019 | Book |